Projekt "Moje volba - moje budoucnost" prědstavuje žákům Jihomoravského kraje technické obory

Podrobná bibliografia
Hlavní autori: Čerňanská, Eliška (Author), Musilová, Iveta (Author)
Médium: Článok
Jazyk:Slovak
Czech
Témy:
On-line prístup:http://www.slevarenstvi.svazslevaren.cz/
Zdroj: 1. Slévárenství 1. Roč. LIX, č. 11-12 (2011), s. 390 1. 0037-6825
LEADER 01038nab#a2200349#ar4500
001 000107430
003 SVKKK
005 20120216153920.0
008 110126c2011 xo |||||||||||||||b|slo
FMT
038 |a SVKKK 
040 |a SVKKK  |b slo  |e AACR2 
041 0 |a cze 
044 |a xr  |c CZ 
080 |a 621.74  |x (437.1/3)  |2 1997 
080 |a 373.546  |x (437.1/3)  |2 1997 
100 1 |a Čerňanská, Eliška  |4 aut 
245 1 0 |a Projekt "Moje volba - moje budoucnost" prědstavuje žákům Jihomoravského kraje technické obory  |c Eliška Čerňanská, Iveta Musilová 
300 |b Fotogr. 
504 |a Bibliogr. odkazy 
610 2 4 |a "Moje volba - moje budoucnost" (vzdelávací projekt) 
650 0 4 |a zlievarenstvo  |z Česko 
650 0 4 |a vzdelávanie  |z Česko 
700 1 |a Musilová, Iveta  |4 aut 
773 0 |t Slévárenství  |g Roč. LIX, č. 11-12 (2011), s. 390  |x 0037-6825 
958 |a NB 
974 |a MI 
992 |a RBX 
BAS
852 |a SVKKK  |b BIB 
856 4 |u http://www.slevarenstvi.svazslevaren.cz/ 
998 |a HUT